| 000 | 01230nam a22003617a 4500 | ||
|---|---|---|---|
| 003 | CHAP | ||
| 005 | 20220817044222.0 | ||
| 008 | 080617s2002 mx r 00010 spa d | ||
| 010 | _a94926 | ||
| 011 | _a95898 | ||
| 020 | _a9687941154 | ||
| 035 | _a106532 | ||
| 040 | _cCHAP | ||
| 082 | 0 | 4 |
_a305.23083 _bB64 |
| 100 | 1 |
_aBonfil Sánchez, Paloma. _913674 |
|
| 245 | 1 | 0 |
_aNiñas indígenas : _bla esperanza amenazada _c/por Paloma Bonfil Sánchez |
| 260 |
_aMéxico, D.F. : _bGrupo Interdisciplinario sobre Mujer, Trabajo y Pobreza, _c2002 |
||
| 300 | _a260 p. | ||
| 490 | 3 |
_aLa niña de hoy es la mujer de mañana _v; 6 |
|
| 590 |
_aBATCH-UPD _b10 _c20130110 _lUCH01 _h0729 |
||
| 590 |
_aBATCH-UPD _b10 _c20130410 _lUCH01 _h0412 |
||
| 590 |
_aBATCH-UPD _b10 _c20130914 _lUCH01 _h0656 |
||
| 590 |
_aCONVERSION _b10 _c20130109 _lUCH01 _h1352 |
||
| 650 | 1 | 4 | _aIndios de México. |
| 650 | 1 | 4 |
_aMujer _xSituación social _zMéxico. _979341 |
| 650 | 1 | 4 |
_aNiñez. _981358 |
| 650 | 1 | 4 |
_aNiños en comunidades rurales. _981373 |
| 650 | 1 | 4 |
_aPobreza. _989463 |
| 830 | 3 |
_aLa niña de hoy es la mujer de mañana _v; 6 _964239 |
|
| 901 | _aBK | ||
| 942 | _cLIBRO | ||
| 949 |
_a305.23083 B64 _bBC _cLIBRO _d33724002051413 _eLIBRO _h109595 _i106532 _si |
||
| 999 |
_c94926 _d94926 |
||